| 000 | 00962cam a22002175a 4500 | ||
|---|---|---|---|
| 001 | L137113 | ||
| 008 | 070314s2007 xxkao f 000 0 eng d | ||
| 020 | _a9781860819520 | ||
| 035 | _a(Sirsi) u137113 | ||
| 041 | 0 | _aeng | |
| 050 | 0 | 4 | _a690.25 $2 18 |
| 110 | 2 | _aBuilding Research Establishment | |
| 245 | 0 | 0 |
_aPlasterboard _btypes and their applications |
| 260 |
_aWatford _bIHS BRE Press _c2007 |
||
| 300 |
_a8p. _bill. _c30cm. |
||
| 490 | 0 |
_aBRE Good Building Guide _v70(1) |
|
| 520 | _aDescribes the range of plasterboards available including standard wallboard, sound insulation board, impact resistant board, moisture-resistant board, fire-resistant board and thermal laminates. Also details where plasterboards may be used, with particular reference to the new European (EN) fire tests contained in the Building Regulations. | ||
| 651 | 4 |
_aUnited Kingdom _y |
|
| 690 | _aBUILT ENVIRONMENT-BUILDING MATERIALS-NON CEMENTITIOUS MATERIALS | ||
| 942 | _n0 | ||
| 999 |
_c106644 _d106644 |
||